|
|
|
|
| LEADER |
00000nab a2200000 ar4500 |
| 001 |
vtls009181572 |
| 003 |
SK-MaSNL |
| 005 |
20260318132727.0 |
| 008 |
080206c2008 xo |||||||| |000 b|hun |
| 015 |
|
|
|a SNBRB2008/02
|2 snkbucl
|
| 038 |
|
|
|a SNKBUCL
|
| 040 |
|
|
|a DSZK
|b slo
|c DSZK
|e AACR2
|
| 041 |
0 |
|
|a hun
|
| 044 |
|
|
|a xo
|c SK
|
| 080 |
|
|
|a 82.033:821.511.141 (437.6)-3
|2 1997
|
| 080 |
|
|
|a 821.511.141 (437.6)-3.033
|2 1997
|
| 100 |
1 |
|
|a Fónod, Zoltán,
|d 1930-2021
|4 aut
|9 220458
|
| 245 |
1 |
3 |
|a Az eltűnt idő nyomában
|b Dobos László szépprózai munkássága
|n (2)
|c Fónod Zoltán
|
| 500 |
|
|
|a Dokončenie
|
| 504 |
|
|
|a Bibliogr. odkazy
|
| 600 |
1 |
7 |
|a Dobos, László,
|d 1930-2014
|2 snkbucl
|9 227924
|
| 655 |
|
7 |
|a kritika a interpretácie
|2 snkbucl
|9 360040
|
| 773 |
0 |
|
|t Irodalmi szemle
|g Évf. LI, sz. 1 (2008), o. 30-39
|x 1336-5088
|
| 852 |
|
|
|a SNK
|b KIS3GCP
|
| 852 |
|
|
|a DSZK
|b KIS3GCP
|
| 958 |
|
|
|a HU
|
| 958 |
|
|
|a SK
|
| 958 |
|
|
|a LX
|
| 958 |
|
|
|a NB
|
| 999 |
|
|
|c 2076521
|d 2078451
|